000 00690nam a2200229 a 4500
001 52666
003 BD-RjUL
005 20211209075837.0
008 160925s1990 ii ||||| |||| 00| 0 eng d
020 _a8171002331
035 _a(BD-RjUL)52786
040 _aBD-RjUL
_beng
_cBD-RjUL
_dBD-RjUL
041 _aeng
082 _223
_a363.96954
_bGOF 1990
100 _aGFoel, S. L.
_9157499
245 1 0 _aFamily planning programme and beyond :
_bpolicy and administration /
_c S. L. Goel
260 _aNew Delhi :
_bDeep & Deep Pub.,
_c1990
300 _a348 p. :
_bill. ;
_c23 cm.
504 _aIncludes Index and Bibliography
650 _aBirth control
_z India.
_9148839
942 _2ddc
_cBK
999 _c52666
_d52666